• 首页
  • 本馆介绍
  • 公告通知
  • 最新文献
  • 馆藏检索
  • 电子资源
  • 读者导购
  • 参考咨询
  • 我的图书馆
  • 登录
  • 详细信息显示
  • 放入我的书架
  • 预约/预借图书
  • 作者相关作品
  • 分类相关作品
  • 丛书相关作品
  • 出版社相关作品

书目信息

  • 表格格式
  • 工作单格式
  • 卡片格式
题名:
直视骄阳
    
 
作者: 亚隆 著 ;张亚 译
分册:  
出版信息: 北京   中国轻工业出版社  2015
页数: 274页
开本: 21cm
丛书名:
单 册:
中图分类: B845.9
科图分类:
主题词: 死亡--si wang--心理--研究
电子资源:
ISBN: 978-7-5184-0222-9
000 01051nam0 22002651 450
001 1754519590
005 20170516112211.0
010    @a978-7-5184-0222-9@b精装@dCNY48.00
100    @a20150707d2015 em y0chiy50 ea
101 1  @achi@ceng
102    @aCN@b110000
105    @ay z 000yy
106    @ar
200 1  @a直视骄阳@9zhi shi jiao yang@e征服死亡恐惧@dStaring at the sun@eovercoming the terror of death@f(美)Irvin D. Yalom著@g张亚译@zeng
210    @a北京@c中国轻工业出版社@d2015
215    @a274页@d21cm
330    @a本书作者以一位普通老者的身份对内心的死亡恐惧进行自我表露和深刻解剖。具体内容包括:死亡之痛、识别死亡焦虑、觉醒体验、观念的力量、通过关系克服死亡恐惧等。
510 1  @aStaring at the sun@eovercoming the terror of death@zeng
517 1  @a征服死亡恐惧@9zheng fu si wang kong ju
606 0  @a死亡@9si wang@x心理@x研究
690    @aB845.9@v5
701  0 @c(美)@a亚隆@9ya long@c(Yalom, Irvin D.@f1931~)@4著
702  0 @a张亚@9zhang ya@c(女)@4译
801  0 @aCN@b百万庄@c20170513
905    @b1005978-83@dB845.9@e1739@f6
    
    直视骄阳:征服死亡恐惧=Staring at the sun:overcoming the terror of death/(美)Irvin D. Yalom著/张亚译.-北京:中国轻工业出版社,2015
    274页;21cm
    
    
    ISBN 978-7-5184-0222-9(精装):CNY48.00
    本书作者以一位普通老者的身份对内心的死亡恐惧进行自我表露和深刻解剖。具体内容包括:死亡之痛、识别死亡焦虑、觉醒体验、观念的力量、通过关系克服死亡恐惧等。
●
相关链接 在E读中查询图书 在五车中查询图书 在当当中查询图书 在豆瓣中查询图书


正题名:直视骄阳     索取号:B845.9/1739         预约/预借

序号 登录号 条形码 馆藏地/架位号 状态 备注
1 1005978   210059782   第一样本阅览室/ [索取号:B845.9/1739] 在馆    
2 1005979   210059791   教育系资料室/ [索取号:B845.9/1739] 在馆    
3 1005980   210059808   教育系资料室/ [索取号:B845.9/1739] 在馆    
4 1005981   210059817   教育系资料室/ [索取号:B845.9/1739] 在馆    
5 1005982   210059826   第一借阅区/ [索取号:B845.9/1739] 在馆    
6 1005983   210059835   第一借阅区/ [索取号:B845.9/1739] 在馆    
唐山师范学院图书馆 欢迎您!
大连网信软件有限公司© 版权所有